<?xml version="1.0" encoding="UTF-8"?>
<record
    xmlns:xsi="http://www.w3.org/2001/XMLSchema-instance"
    xsi:schemaLocation="http://www.loc.gov/MARC21/slim http://www.loc.gov/standards/marcxml/schema/MARC21slim.xsd"
    xmlns="http://www.loc.gov/MARC21/slim">

  <leader>00446nam a2200169Ia 4500</leader>
  <controlfield tag="008">260601s2025    xx            000 0 und d</controlfield>
  <datafield tag="020" ind1=" " ind2=" ">
    <subfield code="a">978-93-5424-578-7</subfield>
  </datafield>
  <datafield tag="041" ind1=" " ind2=" ">
    <subfield code="a">eng</subfield>
  </datafield>
  <datafield tag="082" ind1=" " ind2=" ">
    <subfield code="a">005.1/BUR</subfield>
  </datafield>
  <datafield tag="100" ind1=" " ind2=" ">
    <subfield code="a">BURD BARRY</subfield>
  </datafield>
  <datafield tag="245" ind1=" " ind2=" ">
    <subfield code="a">ANROID APPLICATION DEVELOPMENT ALL-IN-ONE FOR DUMMIES</subfield>
  </datafield>
  <datafield tag="250" ind1=" " ind2=" ">
    <subfield code="a">3rd ed</subfield>
  </datafield>
  <datafield tag="260" ind1=" " ind2=" ">
    <subfield code="a">NEW DELHI</subfield>
    <subfield code="b">WILEY INDIA PVT LTD</subfield>
    <subfield code="c">2025</subfield>
  </datafield>
  <datafield tag="300" ind1=" " ind2=" ">
    <subfield code="a">P.B,XV,782</subfield>
  </datafield>
  <datafield tag="650" ind1=" " ind2=" ">
    <subfield code="a">MCA</subfield>
  </datafield>
  <datafield tag="700" ind1=" " ind2=" ">
    <subfield code="a">MUELLER JOHN PAUL</subfield>
  </datafield>
  <datafield tag="999" ind1=" " ind2=" ">
    <subfield code="c">1222356</subfield>
    <subfield code="d">1222356</subfield>
  </datafield>
  <datafield tag="952" ind1=" " ind2=" ">
    <subfield code="0">0</subfield>
    <subfield code="1">0</subfield>
    <subfield code="4">0</subfield>
    <subfield code="7">0</subfield>
    <subfield code="a">MCK</subfield>
    <subfield code="b">MCK</subfield>
    <subfield code="d">2025-12-23</subfield>
    <subfield code="e">BHARATI MADYHAVARTI SAHAKARI GRAHAK BHANDAR LTD.PUNE</subfield>
    <subfield code="g">949.00</subfield>
    <subfield code="l">0</subfield>
    <subfield code="o">005.1/BUR</subfield>
    <subfield code="p">MCK-M6067</subfield>
    <subfield code="r">2026-06-02 00:00:00</subfield>
    <subfield code="w">2026-06-02</subfield>
    <subfield code="y">REF</subfield>
  </datafield>
  <datafield tag="952" ind1=" " ind2=" ">
    <subfield code="0">0</subfield>
    <subfield code="1">0</subfield>
    <subfield code="4">0</subfield>
    <subfield code="7">0</subfield>
    <subfield code="a">MCK</subfield>
    <subfield code="b">MCK</subfield>
    <subfield code="d">2025-12-23</subfield>
    <subfield code="e">BHARATI MADYHAVARTI SAHAKARI GRAHAK BHANDAR LTD.PUNE</subfield>
    <subfield code="g">949.00</subfield>
    <subfield code="l">0</subfield>
    <subfield code="o">005.1/BUR</subfield>
    <subfield code="p">MCK-M6068</subfield>
    <subfield code="r">2026-06-02 00:00:00</subfield>
    <subfield code="w">2026-06-02</subfield>
    <subfield code="y">BK</subfield>
  </datafield>
</record>
